| 000 | 00597nam a22002057a 4500 | ||
|---|---|---|---|
| 005 | 20170513133315.0 | ||
| 010 | _aB-593923 | ||
| 020 | _c300.00 | ||
| 035 | _aB-593923 | ||
| 037 | _bDpl/CL | ||
| 082 | _a621.3 | ||
| 100 | _aSurjit Singh | ||
| 245 |
_aElectrical design : _bestimating and costing / _cby Surjit Singh [and] Ravi Deep Singh |
||
| 250 | _a2nd ed | ||
| 260 |
_aDelhi _bDhanpat Rai _c2014(repr.) |
||
| 270 |
_a1710-1711, Nai Sarak _bDelhi _e110006 |
||
| 300 |
_avarious pagings : _bill. _c24cm(pbk) |
||
| 700 | _aRavi Deep Singh | ||
| 942 |
_2ddc _cEN _h621.3 _mSUR |
||
| 999 |
_c139821 _d139821 |
||